Регионална библиотека "Любен Каравелов" - Русе

Мемоарите на един русенец (Запис номер 23142)

MARC детайли
000 -Лидер
Контролно поле с фиксирана дължина 02038nam a2200505 c 4500
003 - Код на организацията, давaща контролен номер
Контролно поле BLK
005 - Дата и час на последна редакция
Контролно поле 20250128125344.0
008 - Елементи от данни с фиксирана дължина
fixed length control field 180413b bul|||||r ||||||| ||bul||
010 ## - Наследен системен номер
LC control number KNG00025615000
020 ## - Международен стандартен номер на книга ISBN
Международен стандартен номер на книга ISBN 954-90323-4-5
040 ## - Източник на каталожния запис
Идентификатор на билиотеката - собственик на записа BLK
041 ## - Код за език
Код за езика на текст/звукозапис или на отделно заглавие Български
Код за езика КДБФ Български
072 #7 - Код за тематичната категория
Код организация bullib
Код за тематична категория К
Текст Краезнание
080 ## - УДК
Текстов определител УДК Освобождение на България. Руско-турска война (1877-1878)
УДК код - определител по УДК 94(497.2)"1877/1878"
УДК определител (093.3)
УДК - код + определител 94(497.2)"1877/1878"(093.3)
080 ## - УДК
Текстов определител УДК Краезнание
УДК код - определител по УДК 908
УДК определител (497.215)(093.3)
УДК - код + определител 908(497.215)(093.3)
100 1# - Редна дума - Автор
Автор Дряновски, Йордан
Авторска отговорност първи автор
R(LIN) 266889
139 ## - Редно поле
Редна дума Дряновски, Йордан
Авторски знак Друм - Д 91
245 10 - Сведения за заглавието
Заглавие Мемоарите на един русенец
Редно поле (дума) Йордан Дряновски; състав. и уводна студия Хачик Тавит Лебикян.
257 ## - Страна на издаване
Страна на създаване/издаване България
260 ## - Област на издателските данни
Име на издателя, разпространителя и проч. Русе 22
Година на издаване 1998
300 ## - Физическа характеристика
Страници 32 с.
Илюстрации и др. с факс., 4 л. ил.,портр.
Размери/Мащаб 21 см
380 ## - Жанр
Жанр История
490 1# - СЕРИИ (Колекции)
Име на серия Факти от Българската история
500 ## - Общи забележки
Забележка Офс. изд. - 300 тир.
650 #4 - Допълнително описание по предмет – тема
Основно описание – тема или топоним Русе - история
9 (RLIN) 242626
650 #7 - Допълнително описание по предмет – тема
Основно описание – тема или топоним Руско-турска освободителна война 1877 - 1878 - спомени
Източник на редна или ключова дума
9 (RLIN) 170048
651 #4 - Допълнително описание по предмет - топоним
Географско понятие Русе
9 (RLIN) 179462
651 #4 - Допълнително описание по предмет - топоним
Географско понятие България
9 (RLIN) 241624
653 ## - Ключова дума – ненормативна
Ключова дума Русе
653 ## - Ключова дума – ненормативна
Ключова дума Руско-турска освободителна война 1877-1878
653 ## - Ключова дума – ненормативна
Ключова дума българска история
653 ## - Ключова дума – ненормативна
Ключова дума спомени
653 ## - Ключова дума – ненормативна
Ключова дума мемоари
659 ## - Тематичен бюлетин
Тематичен бюлетин К
700 1# - Други автори (авторска отговорност)
Лично име Лебикян, Хачик Тавит
Дати, свързани с автора 1945 -
Друга информация Публицист, краевед.
9 (RLIN) 87960
852 ## - Местоположение
Форматна сигнатура Цб 199258
852 ## - Местоположение
Форматна сигнатура К 94(497.2)"1877/1878"/Д 91 И
856 4# - Електронен адрес и достъп
Електронен формат pdf - файл
Път до файла /url/
856 4# - Електронен адрес и достъп
Електронен формат pdf - файл
Път до файла /url/
999 ## - СИСТЕМНИ КОНТРОЛНИ НОМЕРА
Koha biblionumber 23142
Koha biblioitemnumber 23142
942 ## - АРТИКУЛИ
Вид на библиотечния материал Книги
Скрит в OPAC Не
Koha issues (borrowed), all copies 4
Периодичен библиозапис Да
944 ## - СЪЗДАВАНЕ И РЕДАКЦИЯ на ЗАПИСА
Създаване/Редакция Създаване
Дата на регистрацията/редакция 15.01.2003
Статус, дата на статуса Геновева Генчева
Служител, извършил регистрацията/редакцията 30560
944 ## - СЪЗДАВАНЕ И РЕДАКЦИЯ на ЗАПИСА
Създаване/Редакция Редакция
Дата на регистрацията/редакция 22.10.2009
Статус, дата на статуса ф /
999 ## - СИСТЕМНИ КОНТРОЛНИ НОМЕРА
Koha biblioitemnumber 23142
999 ## - СИСТЕМНИ КОНТРОЛНИ НОМЕРА
Koha biblioitemnumber 23142
Наличности
Код за отписване Код за изгубен артикул Източник на класификационната схема Код за повреда Коз за рестрикции Код за отдаване Артикулен № Име на библиотеката - собственик Име на библиотеката, в която се намира в момента Статус (Текущо местоположение) Дата на вписване в системата Местоположение - отдел Цена в лева Инвентарен номер Систематично азбучна сигнатура Баркод Номер на екземпляра Цена в евро Служебна бележка Служебен тип на артикула Бележка за публиката
Изтеглен Не е изгубен Universal Decimal Classification Не е повреден без рестрикции заемане за дома 38155 Регионална библиотека "Любен Каравелов" Русе Регионална библиотека "Любен Каравелов" Русе Заемна - подръчен фонд 2001-01-01 Заемна - подръчен фонд 1.80 645756 П 949.72.043/Д 91 645756 1 0.92 Дост: DA Вид: А N: стар фонд Дата: 01.01.1998 Книги  
Изтеглен Не е изгубен   Не е повреден без рестрикции заемане за дома 38156 Регионална библиотека "Любен Каравелов" Русе Регионална библиотека "Любен Каравелов" Русе   2001-01-01 Заемна - подръчен фонд 1.80 645757 П 949.72.043/Д 91 645757 2 0.92 Дост: DA Вид: А N: стар фонд Дата: 01.01.1998 Книги Отч.N: 13 , Дата: 03.02.2018
  Не е изгубен Universal Decimal Classification Не е повреден без рестрикции заемане за дома 38157 Регионална библиотека "Любен Каравелов" Русе Регионална библиотека "Любен Каравелов" Русе Заемна - подръчен фонд 2001-01-01 Заемна - подръчен фонд 1.80 645758 П 94(497.2)"1877/1878"/Д 91 120000645758 3 0.92 Дост: DA Вид: А N: стар фонд Дата: 01.01.1998 Дата инв: 08.02.2018 Бележки инв: П2018 Книги  
Изтеглен Не е изгубен Universal Decimal Classification Не е повреден без рестрикции заемане за дома 38158 Регионална библиотека "Любен Каравелов" Русе Регионална библиотека "Любен Каравелов" Русе Заемна - подръчен фонд 2001-01-01 Заемна - подръчен фонд 1800.00 645759 П 949.72.043/Д 91 645759 4 920.33 Дост: DA Вид: А N: стар фонд Дата: 01.01.1998 Книги  
  Не е изгубен Universal Decimal Classification Не е повреден без рестрикции ползва се в читалня 38159 Регионална библиотека "Любен Каравелов" Русе Регионална библиотека "Любен Каравелов" Русе Краезнание 2001-01-01 Краезнание 1.80 645760 К 949.72.043/Д 91 Й 120000645760 5 0.92 Дост: DA Вид: А N: стар фонд Дата: 01.01.1998 Дата инв: 07.11.2017 Бележки инв: К2017 Книги  
  Не е изгубен Universal Decimal Classification Не е повреден без рестрикции ползва се в читалня 38160 Регионална библиотека "Любен Каравелов" Русе Регионална библиотека "Любен Каравелов" Русе Краезнание 2001-01-01 Краезнание 1.80 645761 К 94(497.2)"1877/1878"/Д 91 И 120000645761 6 0.92 Дост: DA Вид: А N: стар фонд Дата: 01.01.1998 Дата инв: 07.11.2017 Бележки инв: К2017 Книги  
  Не е изгубен Universal Decimal Classification Не е повреден без рестрикции ползва се в читалня 38161 Регионална библиотека "Любен Каравелов" Русе Регионална библиотека "Любен Каравелов" Русе Хранилище 2009-09-25 Основен фонд - ползва се само за читалня 1.80 120000738352 Цб 199258 120000738352 7 0.92 Дост: DA Вид: А N: 12 Дата: 25.09.2009 Книги  
Vip Innovations Ltd, Rousse, Bulgaria 2025